[Event "XXIX Miedzynarodowy Festiwal Szachowy CRACOVIA-2018 Grupa A"]
[Site "Krakow, Hotel Galaxy, ul. Gesia 22a"]
[Date "2018.??.??"]
[Round "6.61"]
[White "Moscicka, Pola"]
[Black "Kucharska, Honorata"]
[Result "0-1"]
[WhiteElo "1950"]
[BlackElo "2177"]
[PlyCount "136"]
[EventDate "2018.??.??"]

1. e4 e6 2. d4 d5 3. Nd2 c5 4. exd5 exd5 5. Ngf3 Nc6 6. Bb5 Bd6 7. dxc5 Bxc5 8.
O-O Nge7 9. Nb3 Bd6 10. h3 O-O 11. Nbd4 Bc7 12. Be3 Qd6 13. Bd3 a6 14. c3 Ng6
15. Re1 Bd7 16. b4 Nce5 17. Nxe5 Nxe5 18. Bf4 Nf3+ 19. Nxf3 Qxf4 20. Bc2 Bc6
21. Qd3 g6 22. Qd4 a5 23. a4 axb4 24. cxb4 Qd6 25. b5 Bd7 26. Bb3 Be6 27. Rad1
Rfd8 28. g3 Bb6 29. Qh4 Kg7 30. Ng5 h5 31. Ne4 Qb4 32. Qf6+ Kg8 33. Rb1 Qd4 34.
Qxd4 Bxd4 35. Ng5 Bf5 36. Rbd1 Bf6 37. h4 Bxg5 38. hxg5 Be6 39. Rd4 Rac8 40.
Red1 Rc5 41. Kg2 Kf8 42. R1d2 Ke7 43. Rb4 b6 44. Rbd4 Kd6 45. R2d3 Ke5 46. Rd2
Rf8 47. Rf4 Rc3 48. Ba2 Rfc8 49. Rfd4 R8c5 50. Kf1 Rc2 51. f4+ Kd6 52. Ke2 Rc1
53. Kf2 R1c3 54. Bb1 R5c4 55. Rxc4 Rxc4 56. Ra2 Rb4 57. Bd3 d4 58. Ra3 Rb3 59.
Rxb3 Bxb3 60. Kf3 Bxa4 61. f5 gxf5 62. Kf4 Kc5 63. Be2 Bxb5 64. Bxh5 Bc4 65.
Kxf5 b5 66. Kf6 d3 67. g6 fxg6 68. Bxg6 b4 0-1

[Event "XXIX Miedzynarodowy Festiwal Szachowy CRACOVIA-2018 Grupa A"]
[Site "Krakow, Hotel Galaxy, ul. Gesia 22a"]
[Date "2018.??.??"]
[Round "6.70"]
[White "Majek, Kacper"]
[Black "Hetzer, Volkhard"]
[Result "0-1"]
[WhiteElo "2011"]
[BlackElo "1916"]
[PlyCount "134"]
[EventDate "2018.??.??"]

1. e4 e5 2. Nf3 Nc6 3. Bc4 Nf6 4. d3 Be7 5. O-O O-O 6. c3 d6 7. Re1 Na5 8. Nbd2
Nxc4 9. Nxc4 Be6 10. Ne3 h6 11. Qc2 c6 12. d4 Qc7 13. Nh4 Nh5 14. Nhf5 Nf4 15.
Qd1 Kh7 16. d5 cxd5 17. exd5 Bc8 18. Qf3 Re8 19. Ng3 Bf8 20. Ng4 Qd7 21. h3 f5
22. Nh2 Ng6 23. Qh5 Qf7 24. Nf3 Kg8 25. c4 b6 26. Bd2 Bd7 27. Nh4 Nxh4 28. Qxh4
Be7 29. Qh5 Qxh5 30. Nxh5 f4 31. g3 g6 32. gxf4 gxh5 33. fxe5 dxe5 34. Rxe5 Bf8
35. Rxh5 Kh7 36. Bc3 Re4 37. b3 Kg6 38. Re5 Rxe5 39. Bxe5 Bxh3 40. Kh2 Bd7 41.
a4 Bc5 42. a5 b5 43. b4 Bxb4 44. cxb5 Kf5 45. Bc7 Bc3 46. Rg1 Bxb5 47. d6 a6
48. Rd1 Be5+ 49. Kg2 Rg8+ 50. Kf3 Ke6 51. Ke3 Rf8 52. Rh1 Rf6 53. Bd8 Rg6 54.
f4 Bxd6 55. Rh5 Kd7 56. Bb6 Bf8 57. Rf5 Re6+ 58. Kd2 Bb4+ 59. Kc2 Bd6 60. Rf7+
Re7 61. Rf6 Rh7 62. f5 h5 63. Rg6 Bc6 64. Kd3 h4 65. f6 h3 66. Kd4 Rf7 67. Rg7
Ke6 0-1

[Event "XXIX Miedzynarodowy Festiwal Szachowy CRACOVIA-2018 Grupa A"]
[Site "Krakow, Hotel Galaxy, ul. Gesia 22a"]
[Date "2018.12.31"]
[Round "6.25"]
[White "Krishnater, Kushager"]
[Black "Kokoszczynski, Jan"]
[Result "1/2-1/2"]
[WhiteElo "2305"]
[BlackElo "2242"]
[Annotator "Leszek"]
[PlyCount "50"]
[EventDate "2018.??.??"]

1. e4 e5 2. Nf3 Nc6 3. Bc4 Bc5 4. c3 Nf6 5. d4 exd4 6. cxd4 Bb4+ 7. Nc3 Nxe4 8.
O-O Bxc3 9. d5 Bf6 10. Re1 O-O 11. Rxe4 Ne7 12. d6 cxd6 13. Bf4 d5 14. Bxd5
Nxd5 15. Qxd5 d6 16. Bxd6 $11 Be6 17. Qd2 Re8 18. Rb4 Qd7 19. Bf4 Qxd2 20. Bxd2
Bd5 21. Bg5 a5 22. Rb6 Bxf3 23. Bxf6 Bc6 24. Bc3 a4 25. a3 f6 1/2-1/2

[Event "XXIX Miedzynarodowy Festiwal Szachowy CRACOVIA-2018 Grupa A"]
[Site "Krakow, Hotel Galaxy, ul. Gesia 22a"]
[Date "2018.12.31"]
[Round "6.27"]
[White "Martynyuk, Elizaveta"]
[Black "Belous, Mikhail"]
[Result "0-1"]
[WhiteElo "2128"]
[BlackElo "2299"]
[PlyCount "114"]
[EventDate "2018.??.??"]

1. e4 c5 2. Nf3 d6 3. d4 cxd4 4. Nxd4 Nf6 5. Nc3 a6 6. Be3 e5 7. Nf3 Be7 8. Bc4
O-O 9. O-O Be6 10. Bb3 Qc7 11. Qe2 Rc8 12. Bg5 Nbd7 13. Rfd1 b5 14. a3 Nb6 15.
Rac1 Nc4 16. Bxc4 bxc4 17. Bxf6 Bxf6 18. Nd5 Bxd5 19. Rxd5 Rab8 20. c3 Rb6 21.
Rc2 Rcb8 22. h3 Be7 23. g3 g6 24. Nh2 Qb7 25. Qxc4 Rxb2 26. Rxb2 Qxb2 27. Qxa6
Qb1+ 28. Nf1 Qxe4 29. Rb5 Ra8 30. Qb7 Qxb7 31. Rxb7 Bg5 32. h4 Bc1 33. Ne3 Bxa3
34. Nd5 Bc5 35. Nf6+ Kg7 36. Ne4 h6 37. Rd7 Rc8 38. Nxd6 Bxd6 39. Rxd6 Rxc3 40.
Rd5 Kf6 41. Rd6+ Ke7 42. Ra6 h5 43. Rb6 Rd3 44. Ra6 Rd6 45. Ra7+ Ke6 46. Kg2 f5
47. Ra4 Kf6 48. Ra5 e4 49. Ra8 Ke5 50. Re8+ Re6 51. Rd8 f4 52. gxf4+ Kxf4 53.
Kh3 Rf6 54. Rd2 Kf3 55. Ra2 Rf4 56. Ra6 Kxf2 57. Rxg6 e3 0-1

[Event "XXIX Miedzynarodowy Festiwal Szachowy CRACOVIA-2018 Grupa A"]
[Site "Krakow, Hotel Galaxy, ul. Gesia 22a"]
[Date "2018.12.31"]
[Round "6.28"]
[White "Chomczyk, Marek"]
[Black "Kozak, Antoni"]
[Result "1/2-1/2"]
[WhiteElo "2294"]
[BlackElo "2236"]
[PlyCount "86"]
[EventDate "2018.??.??"]

1. e4 c5 2. Nf3 e6 3. d4 cxd4 4. Nxd4 Nc6 5. Nc3 d6 6. Be3 Nf6 7. f3 a6 8. Qd2
Qc7 9. O-O-O h5 10. f4 Be7 11. Be2 Rb8 12. Bf3 Na5 13. e5 Nc4 14. Qd3 dxe5 15.
Ndb5 axb5 16. Nxb5 Qa5 17. Qxc4 O-O 18. fxe5 Nd5 19. Bd2 Qb6 20. Rhe1 Bd7 21.
Nc3 Rbc8 22. Nxd5 exd5 23. Qb3 Qxb3 24. axb3 Bf5 25. Bc3 b5 26. Re2 b4 27. Be1
Bg5+ 28. Kb1 Rxc2 29. Rxc2 Rc8 30. Bc3 bxc3 31. Bxd5 cxb2 32. Bxf7+ Kh7 33. Bc4
Bxc2+ 34. Kxc2 Bc1 35. e6 Ra8 36. e7 Re8 37. Re1 Bg5 38. Re5 Kh6 39. Re6+ Bf6
40. Be2 h4 41. h3 Kg5 42. Bf3 Rxe7 43. Rxe7 Bxe7 1/2-1/2

[Event "XXIX Miedzynarodowy Festiwal Szachowy CRACOVIA-2018 Grupa A"]
[Site "Krakow, Hotel Galaxy, ul. Gesia 22a"]
[Date "2018.12.31"]
[Round "6.30"]
[White "Strybuk, Artsiom I"]
[Black "Kulkarni, Bhakti"]
[Result "1/2-1/2"]
[WhiteElo "2172"]
[BlackElo "2283"]
[Annotator "Leszek"]
[PlyCount "38"]
[EventDate "2018.??.??"]

1. d4 Nf6 2. c4 g6 3. Nc3 Bg7 4. e4 d6 5. Be2 O-O 6. Bg5 Nbd7 7. Nf3 c5 8. Qd2
Re8 9. O-O a6 10. a3 cxd4 11. Nxd4 Nc5 12. Qe3 Ng4 13. Bxg4 Bxg4 14. Nd5 Ne6
15. Nxe6 Bxe6 16. Qd2 Rc8 17. Rac1 $11 Bxd5 18. cxd5 Qd7 19. h3 Kf8 1/2-1/2

[Event "XXIX Miedzynarodowy Festiwal Szachowy CRACOVIA-2018 Grupa A"]
[Site "Krakow, Hotel Galaxy, ul. Gesia 22a"]
[Date "2018.12.31"]
[Round "6.31"]
[White "Vojtek, Vladimir"]
[Black "Toma, Katarzyna"]
[Result "1-0"]
[WhiteElo "2313"]
[BlackElo "2173"]
[Annotator "Leszek"]
[PlyCount "46"]
[EventDate "2018.??.??"]

1. e4 c5 2. f4 Nc6 3. Nf3 e6 4. Bb5 Nge7 5. O-O a6 6. Be2 d5 7. d3 g6 8. Be3 b6
9. Nbd2 Bb7 10. Qe1 Bg7 11. Rb1 Qd7 12. a3 f5 13. e5 d4 14. Bf2 b5 15. Nb3 Qd5
16. Nh4 g5 17. Bf3 Qd8 18. Nxc5 Bc8 19. fxg5 Bxe5 20. Bg3 Bxg3 21. Qxg3 O-O 22.
g6 h6 23. Rbe1 Rf6 {Zapis nieczytelny} 1-0

[Event "XXIX Miedzynarodowy Festiwal Szachowy CRACOVIA-2018 Grupa A"]
[Site "Krakow, Hotel Galaxy, ul. Gesia 22a"]
[Date "2018.12.31"]
[Round "6.32"]
[White "Zherebtsova, Alexandra"]
[Black "Ojas, Kulkarni"]
[Result "1/2-1/2"]
[Annotator "Leszek"]
[PlyCount "38"]
[EventDate "2018.??.??"]

{[WhiteElo "2186"] [BlackElo "2282"]} 1. d4 Nf6 2. c4 g6 3. Nc3 d5 4. cxd5 Nxd5
5. Bd2 Nb6 6. Nf3 Bg7 7. Bg5 c5 8. e3 cxd4 9. Nxd4 O-O 10. Be2 Bd7 11. O-O Nc6
12. Nb3 Be6 13. Rc1 Nd5 14. Na4 Ndb4 15. Nac5 Qxd1 16. Rcxd1 Bxb3 17. Nxb3 Nxa2
18. Rd7 Rfd8 19. Rxb7 Rab8 1/2-1/2

[Event "XXIX Miedzynarodowy Festiwal Szachowy CRACOVIA-2018 Grupa A"]
[Site "Krakow, Hotel Galaxy, ul. Gesia 22a"]
[Date "2018.12.31"]
[Round "6.33"]
[White "Brozyna, Mateusz"]
[Black "Kyc, Jerzy"]
[Result "1-0"]
[WhiteElo "2173"]
[BlackElo "2280"]
[PlyCount "75"]
[EventDate "2018.??.??"]

1. e4 c5 2. Nf3 d6 3. d4 cxd4 4. Nxd4 Nf6 5. Nc3 a6 6. Bc4 e6 7. O-O Be7 8. Bb3
O-O 9. Qf3 Qc7 10. Qg3 Kh8 11. Be3 Nc6 12. f4 b5 13. Nxc6 Qxc6 14. Bd4 Bb7 15.
Rae1 b4 16. Nd1 Rg8 17. Nf2 a5 18. c3 Ba6 19. Bc2 bxc3 20. bxc3 Bxf1 21. Rxf1
Nd7 22. e5 g6 23. exd6+ Bf6 24. Be4 Qxd6 25. Rd1 Qc7 26. Bxa8 Rxa8 27. Qe3 e5
28. fxe5 Nxe5 29. Re1 Nd7 30. Ng4 Ra6 31. Nxf6 Nxf6 32. Rf1 Kg7 33. Qg5 Qd8 34.
Rxf6 Rxf6 35. Qe5 h5 36. h4 a4 37. c4 a3 38. c5 1-0

[Event "XXIX Miedzynarodowy Festiwal Szachowy CRACOVIA-2018 Grupa A"]
[Site "Krakow, Hotel Galaxy, ul. Gesia 22a"]
[Date "2018.12.31"]
[Round "6.34"]
[White "Mis, Mieszko"]
[Black "Leiter, Thomas"]
[Result "1/2-1/2"]
[Annotator "Leszek"]
[PlyCount "68"]
[EventDate "2018.??.??"]

{[WhiteElo "2260"] [BlackElo "2151"]} 1. d4 Nf6 2. c4 e6 3. Nf3 d5 4. g3 Be7 5.
Bg2 O-O 6. O-O dxc4 7. Ne5 Nc6 8. Nxc6 bxc6 9. Na3 Bxa3 10. bxa3 Nd5 11. Qa4 a5
12. Qxc4 Ba6 13. Qc2 Rb8 14. Rd1 Bxe2 15. Qxe2 Nc3 16. Qd3 Nxd1 17. Qxd1 c5 18.
Be3 cxd4 19. Qxd4 Qxd4 20. Bxd4 Rfd8 21. Bc3 Rb5 22. Bf1 Rc5 23. Rc1 h6 24. Be2
Rd6 25. Bb2 Rxc1+ 26. Bxc1 Rc6 27. Be3 Rc2 28. Kf1 Rxa2 29. Bc5 Ra1+ 30. Kg2
Rc1 31. Be3 Ra1 32. Bc5 Rc1 33. Be3 Ra1 34. Bc5 Rc1 1/2-1/2

[Event "XXIX Miedzynarodowy Festiwal Szachowy CRACOVIA-2018 Grupa A"]
[Site "Krakow, Hotel Galaxy, ul. Gesia 22a"]
[Date "2018.12.31"]
[Round "6.35"]
[White "Jaroch, Karol"]
[Black "Mahitosh, Dey"]
[Result "1-0"]
[Annotator "Leszek"]
[PlyCount "109"]
[EventDate "2018.??.??"]

{[WhiteElo "2259"] [BlackElo "1931"]} 1. e4 e5 2. Nf3 Nc6 3. Bc4 Bc5 4. c3 Nf6
5. d3 O-O 6. O-O d6 7. Nbd2 h6 8. Re1 a6 9. Nf1 Be6 10. Ng3 Bxc4 11. dxc4 Ne7
12. Nh4 Ng6 13. Nhf5 Nf4 14. Qf3 Ne6 15. b4 Ba7 16. c5 Ng5 17. Bxg5 hxg5 18.
Rad1 g6 19. Nxd6 g4 20. Nxb7 gxf3 21. Nxd8 Rfxd8 22. gxf3 a5 23. Nf1 Nh5 24.
Ne3 Nf4 25. Nd5 axb4 26. cxb4 Ne6 $11 27. Ne7+ Kg7 28. Nc6 Nd4 29. Nxd8 Rxd8
30. Kg2 Rb8 31. a3 Nc2 32. Re2 Nxa3 33. Ra1 Nb5 34. Rea2 Rb7 35. Ra6 Bb8 36. c6
Rb6 37. R1a5 Rxa6 38. Rxa6 Na7 39. Kf1 Kf6 40. Ke2 Kg5 41. Kd3 Kf4 42. Kc4 Kxf3
43. Kd5 f6 44. Ke6 Kxe4 45. Kd7 Kd5 46. Rxa7 Bxa7 47. Kxc7 Bb8+ 48. Kb7 e4 49.
b5 Bxh2 50. b6 Bg3 51. c7 Bxf2 52. c8=Q e3 53. Qg4 f5 54. Qxg6 Ke5 55. Ka6 1-0

[Event "XXIX Miedzynarodowy Festiwal Szachowy CRACOVIA-2018 Grupa A"]
[Site "Krakow, Hotel Galaxy, ul. Gesia 22a"]
[Date "2018.12.31"]
[Round "6.36"]
[White "Pawlowski, Bartosz"]
[Black "Kusnetsov, Sergey"]
[Result "0-1"]
[Annotator "Leszek"]
[PlyCount "70"]
[EventDate "2018.??.??"]

{[WhiteElo "2101"] [BlackElo "2257"]} 1. e4 c5 2. Nc3 Nc6 3. Bb5 Nd4 4. Nf3
Nxb5 5. Nxb5 d6 6. O-O Nf6 7. Re1 e6 8. d4 cxd4 9. Qxd4 a6 10. Na3 e5 11. Qd3
Be7 12. Nc4 b5 13. Ne3 O-O 14. c4 Qb6 15. Bd2 Rd8 16. Rac1 b4 17. Nd5 Nxd5 18.
cxd5 Bd7 19. Qc4 a5 20. Be3 Qb5 21. Qxb5 Bxb5 22. Rc7 Rd7 23. Rec1 Rxc7 24.
Rxc7 Bd8 25. Rb7 Bd3 26. Nd2 Rc8 27. f3 g6 28. g4 Kf8 29. a3 Rc1+ 30. Kg2 Rc2
31. axb4 Rxb2 32. Rd7 Ke8 33. Rxd6 axb4 34. Rc6 b3 35. Kg3 Rxd2 0-1

[Event "XXIX Miedzynarodowy Festiwal Szachowy CRACOVIA-2018 Grupa A"]
[Site "Krakow, Hotel Galaxy, ul. Gesia 22a"]
[Date "2018.12.31"]
[Round "6.37"]
[White "Lis, Mateusz"]
[Black "Rakhmangulova, Anastasiya"]
[Result "1-0"]
[WhiteElo "2123"]
[BlackElo "2233"]
[PlyCount "87"]
[EventDate "2018.??.??"]

1. e4 c5 2. Nf3 e6 3. d4 cxd4 4. Nxd4 Nf6 5. Nc3 Nc6 6. Ndb5 d6 7. Bf4 e5 8.
Bg5 a6 9. Na3 b5 10. Nd5 Be7 11. Bxf6 Bxf6 12. c4 b4 13. Nc2 a5 14. Be2 O-O 15.
O-O Bg5 16. Qd3 Be6 17. Rad1 g6 18. a3 Qb8 19. axb4 Bxd5 20. b5 Bxc4 21. Qxc4
Na7 22. Qd3 Rd8 23. Ra1 Nc8 24. Qc3 Qb6 25. Qg3 Bf4 26. Qf3 Qc5 27. Ne3 Nb6 28.
Rac1 Qd4 29. Rc6 Rab8 30. Rd1 Qxb2 31. g3 Bxe3 32. Qxe3 Nc8 33. Ra6 Ne7 34. Ra7
Rbc8 35. Rxe7 Rc3 36. Rd3 Rc1+ 37. Kg2 a4 38. Ra3 Rf8 39. Qf3 Qb4 40. Ra7 Qe1
41. R7xa4 f5 42. Ra8 d5 43. exf5 e4 44. Qe3 1-0

[Event "XXIX Miedzynarodowy Festiwal Szachowy CRACOVIA-2018 Grupa A"]
[Site "Krakow, Hotel Galaxy, ul. Gesia 22a"]
[Date "2018.12.31"]
[Round "6.39"]
[White "Jaskolka, Tomasz"]
[Black "Milikow, Yoav"]
[Result "1/2-1/2"]
[Annotator "Leszek"]
[PlyCount "81"]
[EventDate "2018.??.??"]

{[WhiteElo "2222"] [BlackElo "2130"]} 1. d4 Nf6 2. Bf4 g6 3. Nc3 d5 4. e3 Bg7
5. h4 c6 6. Nf3 Bf5 7. Be2 Nbd7 8. Ne5 h5 9. Qd2 Nxe5 10. Bxe5 Ne4 11. Nxe4
Bxe5 12. dxe5 Bxe4 13. f3 Bf5 14. O-O-O Qb6 15. Bd3 O-O-O 16. Kb1 Kb8 17. Rdf1
Ka8 18. g4 Be6 19. g5 c5 20. Be2 Rd7 21. f4 Rhd8 22. Bxh5 gxh5 23. f5 d4 24.
fxe6 Qxe6 25. exd4 Rxd4 26. Qe2 Qg6 27. a3 a6 28. Rd1 R8d5 29. Rxd4 cxd4 30.
Rd1 $11 e6 31. Qd3 Qg7 32. Qf3 Qh7 33. Qd3 Qg7 34. Qe4 Qxe5 35. Qxe5 Rxe5 36.
Rxd4 Re1+ 37. Ka2 Rh1 38. Kb3 Kb8 39. Rc4 Rh3+ 40. Kb4 Rf3 41. a4 1/2-1/2

[Event "XXIX Miedzynarodowy Festiwal Szachowy CRACOVIA-2018 Grupa A"]
[Site "Krakow, Hotel Galaxy, ul. Gesia 22a"]
[Date "2018.12.31"]
[Round "6.42"]
[White "Radovic, Stefan"]
[Black "Flak, Pawel"]
[Result "0-1"]
[Annotator "Leszek"]
[PlyCount "114"]
[EventDate "2018.??.??"]

{[BlackTitle "k+"] [WhiteElo "2019"] [BlackElo "2195"]} 1. Nf3 d5 2. c4 c6 3.
d4 Nf6 4. Nc3 dxc4 5. a4 Nd5 6. e4 Nxc3 7. bxc3 b5 8. g3 e6 9. Bg2 Nd7 10. O-O
Bb7 11. d5 cxd5 12. Ng5 Nf6 13. e5 Nd7 14. Re1 b4 15. Qf3 Qe7 16. cxb4 h6 17.
Nh3 Qxb4 18. Ba3 Qa5 19. Bxf8 Nxf8 20. Nf4 g6 21. Bh3 Qc7 22. Rab1 Bc6 23. Qe3
Rd8 24. Qd4 Qa5 25. Rec1 Nh7 26. Bxe6 fxe6 27. Nxe6 Ng5 28. Nxg5 hxg5 29. e6
Ke7 30. Qg7+ Kd6 31. Re1 Rhe8 32. e7 Rc8 33. Qxg6+ Kd7 34. Qxg5 Qc5 35. Qf5+
Kc7 36. Re6 Rxe7 37. Qe5+ Kd7 38. Re1 Rce8 39. Rxe7+ Rxe7 40. Qf5+ Kc7 41. Qf4+
Kb7 42. Rb1+ Ka6 43. Qb8 Qa5 44. Kf1 Rb7 45. Rxb7 Bxb7 46. Qd6+ Qb6 47. Qe5
Qb1+ 48. Ke2 Qd3+ 49. Ke1 Qe4+ 50. Qxe4 dxe4 51. Kd2 Kb6 52. Kc3 Kc5 53. g4 Bc8
54. g5 Bf5 55. h4 Bg6 56. a5 Bh5 57. a6 Bg6 0-1

[Event "XXIX Miedzynarodowy Festiwal Szachowy CRACOVIA-2018 Grupa A"]
[Site "Krakow, Hotel Galaxy, ul. Gesia 22a"]
[Date "2018.12.31"]
[Round "6.43"]
[White "Razumovskiy, Mikhail"]
[Black "Jansen, Bob"]
[Result "1-0"]
[Annotator "Leszek"]
[PlyCount "158"]
[EventDate "2018.??.??"]

{[BlackTitle ""] [WhiteElo "1974"] [BlackElo "2192"]} 1. d4 Nf6 2. c4 c5 3. d5
e5 4. Nc3 d6 5. e4 Be7 6. Nge2 h5 7. Bd2 h4 8. f4 h3 9. f5 hxg2 10. Bxg2 Nh5
11. Ng3 Nf4 12. Qf3 Nd7 13. O-O-O a6 14. Bf1 Rb8 15. Nge2 Bg5 16. h4 Bh6 17.
Qg3 Nf6 18. Qf3 N6h5 19. Ng3 Nxg3 20. Qxg3 Qf6 21. Be2 b5 22. Bf1 b4 23. Ne2 b3
24. axb3 Bd7 25. Qf3 a5 26. Nxf4 Bxf4 27. Bxf4 exf4 28. Rd3 Qe5 29. Rh2 Rb4 30.
Rc3 a4 31. h5 Ke7 32. Rh4 Rxb3 33. Rxb3 axb3 34. Qxf4 Qxf4+ 35. Rxf4 Rxh5 36.
Kd2 Rh2+ 37. Kc3 Ba4 38. Bd3 Rh3 39. Rg4 Kf6 40. Rg1 Bd7 41. Rf1 Ke7 42. Rg1
Kf6 43. Ra1 g5 44. Ra7 g4 45. Rxd7 g3 46. Rd8 Ke5 47. Rg8 Kf4 48. e5 Kxe5 49.
Rg4 Kf6 50. Kxb3 g2 51. Kc3 Rh2 52. b4 cxb4+ 53. Kxb4 Ke5 54. Kc3 f6 55. Bc2
Rh3+ 56. Bd3 Rh2 57. Rg7 Kf4 58. c5 dxc5 59. d6 Kf3 60. d7 Rh8 61. Bc4 Kf2 62.
Bg8 Rh3+ 63. Kc4 Rg3 64. Rxg3 Kxg3 65. d8=Q g1=Q 66. Qxf6 Kf4 67. Be6 Qc1+ 68.
Kd5 Qd2+ 69. Kc6 Qb4 70. Qh4+ Ke5 71. Qh8+ Kf4 72. f6 Qa4+ 73. Kxc5 Ke5 74. f7+
Kxe6 75. f8=Q Qa5+ 76. Kd4 Qd5+ 77. Ke3 Qb3+ 78. Kf4 Qc4+ 79. Kg3 Qc3+ 1-0

[Event "XXIX Miedzynarodowy Festiwal Szachowy CRACOVIA-2018 Grupa A"]
[Site "Krakow, Hotel Galaxy, ul. Gesia 22a"]
[Date "2018.12.31"]
[Round "6.45"]
[White "Sanz Wawer, Daniel"]
[Black "Bukojemski, Adam"]
[Result "1-0"]
[WhiteElo "2127"]
[BlackElo "2218"]
[Annotator "Leszek"]
[PlyCount "56"]
[EventDate "2018.??.??"]

1. e4 c5 2. Nf3 Nc6 3. d4 cxd4 4. Nxd4 Qb6 5. Nb3 Nf6 6. Nc3 e6 7. Bd3 a6 8.
O-O Be7 9. Be3 Qc7 10. f4 d6 11. a3 b5 12. Qf3 Bb7 13. Kh1 Rc8 14. Ne2 O-O 15.
Ned4 Nxd4 16. Nxd4 Qb8 17. Rae1 Qa8 18. Bc1 Rfe8 19. Qe2 Nd7 20. c3 Bh4 21. Rd1
f5 22. exf5 exf5 23. Qd2 g6 24. Nf3 Be7 25. Bb1 Nc5 26. Ba2+ Kg7 27. Ng5 Bf6
28. Rfe1 d5 {Zapis nieczytelny} 1-0

[Event "XXIX Miedzynarodowy Festiwal Szachowy CRACOVIA-2018 Grupa A"]
[Site "Krakow, Hotel Galaxy, ul. Gesia 22a"]
[Date "2018.12.31"]
[Round "6.47"]
[White "Englert, Jan"]
[Black "Szczurek, Krzysztof"]
[Result "1/2-1/2"]
[Annotator "Leszek"]
[PlyCount "39"]
[EventDate "2018.??.??"]

{[BlackTitle "FM"] [WhiteElo "2106"] [BlackElo "2212"]} 1. e4 c5 2. Nc3 a6 3.
a4 d6 4. g3 Nf6 5. Bg2 g6 6. Nge2 Bg7 7. O-O O-O 8. d3 Nbd7 9. Be3 Rb8 10. Qc1
Re8 11. Rb1 b6 12. Bh6 Bh8 13. Bg5 Bb7 14. Re1 e6 15. h3 Qc7 16. Bf4 Ba8 17.
Qd2 Red8 18. Bg5 Bc6 19. d4 cxd4 20. Nxd4 $11 1/2-1/2

[Event "XXIX Miedzynarodowy Festiwal Szachowy CRACOVIA-2018 Grupa A"]
[Site "Krakow, Hotel Galaxy, ul. Gesia 22a"]
[Date "2018.12.31"]
[Round "6.48"]
[White "Milikow, Elie"]
[Black "Pasti, Aron"]
[Result "0-1"]
[Annotator "Leszek"]
[PlyCount "90"]
[EventDate "2018.??.??"]

{[BlackTitle "CM"] [WhiteElo "2083"] [BlackElo "2196"]} 1. e4 e5 2. Nf3 Nc6 3.
Bc4 Be7 4. O-O Nf6 5. d3 d5 6. exd5 Nxd5 7. h3 O-O 8. Re1 Bf6 9. Nbd2 Nb6 10.
Bb3 Re8 11. Ne4 Bf5 12. Nfg5 Bg6 13. h4 Rf8 14. h5 $11 Bf5 15. Nxf6+ Qxf6 16.
Ne4 Bxe4 17. Rxe4 Nd4 18. Be3 Nxb3 19. axb3 Nd7 20. Qg4 Qd6 21. Qf3 a6 22. Rea4
c6 23. Bd2 Nb6 24. Rb4 c5 25. Re4 f5 26. Re2 Nd5 27. Rae1 Rae8 28. Qg3 f4 29.
Qf3 Rf5 30. g4 Rg5 31. Qh3 Nf6 32. Bxf4 Rxg4+ 33. Bg3 h6 34. Kf1 Rg5 35. Bh4
Rxh5 36. Qg3 Qc6 37. Kg1 g5 38. Rxe5 Rxh4 39. f3 Kf7 40. Rxe8 Nxe8 41. Qe5 Qd7
42. c3 Nf6 43. Qxc5 Qh3 44. Qe7+ Kg6 45. Re6 Qg3+ 0-1

[Event "XXIX Miedzynarodowy Festiwal Szachowy CRACOVIA-2018 Grupa A"]
[Site "Krakow, Hotel Galaxy, ul. Gesia 22a"]
[Date "2018.12.31"]
[Round "6.49"]
[White "Popiol, Michal"]
[Black "Lomakin, Viktor"]
[Result "1-0"]
[Annotator "Leszek"]
[PlyCount "115"]
[EventDate "2018.??.??"]

{[WhiteElo "2169"] [BlackElo "2106"]} 1. d4 Nf6 2. c4 e6 3. Nf3 c5 4. d5 exd5
5. cxd5 Bd6 6. Nc3 Bc7 7. e3 d6 8. Be2 a6 9. a4 Nbd7 10. O-O O-O 11. b3 Re8 12.
Qc2 Nf8 13. Rd1 Rb8 14. Ba3 Ba5 15. Na2 Bg4 16. b4 cxb4 17. Bxb4 Bxb4 18. Nxb4
Qa5 19. Rd4 Rec8 20. Qb2 N8d7 21. h3 Bxf3 22. Bxf3 Nc5 23. g4 Re8 24. Qb1 Nfd7
25. Bg2 Rbc8 26. Ra3 Rc7 27. Kh2 Nb6 28. Nd3 Nxd3 29. Qxd3 Nd7 30. Qf5 Re5 31.
Qb1 Nc5 32. Qb4 Qxb4 33. Rxb4 f6 34. a5 Kf8 35. Kg3 Ke8 36. Ra1 Ree7 37. Rab1
Kd7 38. Rb6 Re8 39. Bf3 Ke7 40. R1b4 Ra8 41. Rb1 Ra7 42. h4 Nd7 43. R6b4 Nc5
44. Rb6 Ra8 45. R6b4 Rf8 46. Be4 g6 47. Bg2 Ke8 48. Rh1 h6 49. Rb6 Ke7 50. g5
Nd7 51. gxf6+ Rxf6 52. Rb4 Nc5 53. Rd1 Kd8 54. e4 Rcf7 55. f3 Ke8 56. Rc4 Rf4
57. Rdc1 Kf8 58. e5 {Zapis nieczytelny} 1-0

[Event "XXIX Miedzynarodowy Festiwal Szachowy CRACOVIA-2018 Grupa A"]
[Site "Krakow, Hotel Galaxy, ul. Gesia 22a"]
[Date "2018.12.31"]
[Round "6.52"]
[White "Hristodoulaki, Antonia"]
[Black "Praczukowski, Stanislaw"]
[Result "0-1"]
[Annotator "Leszek"]
[PlyCount "80"]
[EventDate "2018.??.??"]

{[BlackTitle "k"] [WhiteElo "2048"] [BlackElo "2155"]} 1. d4 Nf6 2. Bf4 d5 3.
Nf3 c5 4. e3 Nc6 5. Nbd2 cxd4 6. exd4 Bf5 7. c3 e6 8. Qb3 Qc8 9. Nh4 Be4 10.
Nxe4 dxe4 11. g3 Be7 12. Ng2 O-O 13. Be2 Qd7 14. Rd1 Na5 15. Qb5 Qxb5 16. Bxb5
Rac8 17. O-O Nd5 18. Bc1 a6 19. Be2 Nc4 20. Rfe1 Nd6 21. Bf1 b5 22. Nf4 Nf6 23.
Bh3 g5 24. Nxe6 g4 25. Nxf8 gxh3 26. Nxh7 Nxh7 27. f3 f5 28. g4 Bh4 29. gxf5
Bxe1 30. Rxe1 exf3 31. Re3 Ng5 32. Re5 Ndf7 33. Bxg5 Nxg5 34. f6 Nh7 35. Re3
Kf7 36. Re7+ Kg6 37. Rg7+ Kh6 38. Kf2 Rf8 39. d5 Rxf6 40. Re7 Ng5 0-1

[Event "XXIX Miedzynarodowy Festiwal Szachowy CRACOVIA-2018 Grupa A"]
[Site "Krakow, Hotel Galaxy, ul. Gesia 22a"]
[Date "2018.12.31"]
[Round "6.53"]
[White "Shyam, Prasad Reddy K"]
[Black "Dmochowska, Agnieszka"]
[Result "1-0"]
[Annotator "Leszek"]
[PlyCount "79"]
[EventDate "2018.??.??"]

{[BlackTitle "WCM"] [WhiteElo "2030"] [BlackElo "2151"]} 1. e4 c5 2. Nf3 d6 3.
d4 cxd4 4. Nxd4 Nf6 5. Nc3 Nc6 6. Bg5 e6 7. Qd2 a6 8. O-O-O Be7 9. f4 Bd7 10.
Nf3 b5 11. Bxf6 gxf6 12. f5 Qa5 13. Kb1 h5 14. Bd3 Ne5 15. Rhf1 Nc4 16. Bxc4
bxc4 17. e5 fxe5 18. f6 Bf8 19. Rfe1 Bc6 20. Ng5 Rb8 21. b3 cxb3 22. cxb3 Rh6
23. h4 Qb4 24. Qc2 Qc5 25. Qd3 Qa3 26. Qc4 Qc5 27. Qd3 Bb5 28. Qf3 Qc6 29. Nxb5
Qxb5 30. Ne4 Qb6 31. Ng5 a5 32. Rc1 a4 33. Rc6 Qb7 34. Rec1 Rd8 35. Nxf7 Qxf7
36. Rc7 Qg6+ 37. Ka1 Rh7 38. Qc6+ Rhd7 39. Rxd7 Rxd7 40. Qc8+ 1-0

[Event "XXIX Miedzynarodowy Festiwal Szachowy CRACOVIA-2018 Grupa A"]
[Site "Krakow, Hotel Galaxy, ul. Gesia 22a"]
[Date "2018.12.31"]
[Round "6.54"]
[White "Turski, Bartlomiej"]
[Black "Eggink, Mateusz"]
[Result "0-1"]
[WhiteElo "1924"]
[BlackElo "2138"]
[PlyCount "74"]
[EventDate "2018.??.??"]

1. e4 c5 2. Nf3 Nc6 3. d4 cxd4 4. Nxd4 Nf6 5. Nc3 e5 6. Ndb5 d6 7. Nd5 Nxd5 8.
exd5 Ne7 9. c3 Ng6 10. Qa4 Bd7 11. Qb4 Qb8 12. Qc4 Kd8 13. Be3 f5 14. f3 Be7
15. Bd3 b6 16. a4 e4 17. fxe4 Ne5 18. Qd4 Bf6 19. Ke2 Re8 20. Bc2 Ng4 21. Qb4
Nxe3 22. Kxe3 Be5 23. Nd4 Qb7 24. a5 b5 25. a6 Qb6 26. Qa5 Bxd4+ 27. cxd4 Qxa5
28. Rxa5 Kc7 29. Rf1 Re7 30. Ra3 Rae8 31. Kd2 Kb6 32. exf5 Re2+ 33. Kd1 Rxg2
34. f6 gxf6 35. Rxf6 Bg4+ 36. Raf3 Re3 37. Rxd6+ Ka5 0-1

[Event "XXIX Miedzynarodowy Festiwal Szachowy CRACOVIA-2018 Grupa A"]
[Site "Krakow, Hotel Galaxy, ul. Gesia 22a"]
[Date "2018.12.31"]
[Round "6.56"]
[White "Jijo, Joy"]
[Black "Gbyl, Andrzej"]
[Result "0-1"]
[Annotator "Leszek"]
[PlyCount "56"]
[EventDate "2018.??.??"]

{[BlackTitle "k+"] [WhiteElo "1940"] [BlackElo "2266"]} 1. e4 d5 2. exd5 Nf6 3.
d4 Nxd5 4. Nf3 g6 5. c4 Nb6 6. Nc3 Bg7 7. c5 Nd5 8. Bc4 c6 9. O-O O-O 10. Re1
Bg4 11. Bg5 Nf6 12. d5 cxd5 13. Nxd5 Nc6 14. Nxe7+ Nxe7 15. Qxd8 Raxd8 16. Rxe7
Rc8 17. Rc1 Nd7 18. b4 h6 19. Bf4 a5 20. Bb5 Nf6 21. Rxb7 axb4 22. Bd6 Rfd8 23.
Rc4 Be6 24. Ne5 Ne8 25. Bxe8 Bxe5 26. Bb5 Bxc4 27. Bxc4 Bxd6 28. Bxf7+ Kf8 0-1